Primera RFEF 25/26 - Estadísticas

Estadísticas generales
  • Esta prueba ha sido intentada 131 veces
    55 desde el último reinicio
  • La puntuación promedio es 28 de 40
Estadísticas de respuestas
Grupo Club % Correcto
1 Real Madrid Castilla
88%
2 Real Murcia C.F.
86%
2 F.C. Cartagena
83%
2 Sevilla Atlético
83%
1 C.D. Tenerife
81%
2 Hércules de Alicante C.F.
81%
2 C.D. Eldense
79%
1 Celta Fortuna
79%
1 C.P. Cacereño
79%
2 Villarreal C.F. "B"
79%
2 A.D. Alcorcón
76%
2 Betis Deportivo Balompié
76%
2 Gimnàstic de Tarragona
76%
1 Racing Club Ferrol
76%
1 Bilbao Athletic
74%
1 S.D. Ponferradina
74%
1 A.D. Mérida
71%
2 Algeciras C.F.
71%
2 Atlético Madrileño
69%
2 Marbella F.C.
69%
1 Osasuna Promesas
69%
2 U.D. Ibiza
69%
1 Arenas Club de Getxo
67%
1 C.D. Lugo
67%
2 C.D. Teruel
67%
2 C.E. Sabadell F.C.
67%
1 Real Avilés Industrial C.F.
67%
1 Unionistas de Salamanca C.F.
67%
1 C.D. Guadalajara
64%
1 Ourense C.F.
64%
1 Pontevedra C.F.
64%
1 Zamora C.F.
64%
2 Antequera C.F.
62%
2 C.E. Europa
62%
2 Juventud Torremolinos
62%
2 S.D. Tarazona
62%
2 Atlético Sanluqueño C.F.
60%
1 Barakaldo C.F.
57%
1 C.F. Talavera de la Reina
52%
1 C.D. Arenteiro
40%
No se encontraron pruebas coincidentes
Distribución de puntuación
Porcentaje de gente con cada puntuación
Porcentaje por número respondido
Historial de tus puntuaciones
No has intentado esta prueba desde el último reinicio